00865cam a2200229 i 4500020003100000020001600031082001100047100004600058245010200104250001900206260002700225300006000252504005100312650002200363650002900385650003900414650004600453650002900499650004600528650002200574650003900596 a9781492041948q(paperback) q(paperback)04a006.311 aFoster, Davidc(Data scientist),eauthor.10aGenerative deep learning :bteaching machines to paint, write, compose, and play /cDavid Foster. aFirst edition. aBeijingbOreillyc2019 axv, 308 pages :billustrations (chiefly color) ;c24 cm aIncludes bibliographical references and index. 0aMachine learning. 0aArtificial intelligence. 0aNeural networks (Computer science) 0aGenerative programming (Computer science) 7aArtificial intelligence. 7aGenerative programming (Computer science) 7aMachine learning. 7aNeural networks (Computer science)